Variable Geometry Turbine Technology for Marine Gas Turbines (Record no. 12734)

000 -LEADER
fixed length control field 00479nam a2200121Ia 4500
008 - FIXED-LENGTH DATA ELEMENTS--GENERAL INFORMATION
fixed length control field 250103s2023 xx 000 0 und d
020 ## - INTERNATIONAL STANDARD BOOK NUMBER
International Standard Book Number 978-981-19-6952-2
041 ## - LANGUAGE CODE
Language code of text/sound track or separate title eng
100 ## - MAIN ENTRY--PERSONAL NAME
Personal name Jie Gao, Qun Zheng, Feng Lin, Chen Liang, Yu Liu
245 ## - TITLE STATEMENT
Title Variable Geometry Turbine Technology for Marine Gas Turbines
260 ## - PUBLICATION, DISTRIBUTION, ETC.
Name of publisher, distributor, etc. Springer Nature Singapore
Date of publication, distribution, etc. 2023
856 ## - ELECTRONIC LOCATION AND ACCESS
Uniform Resource Identifier <a href="https://link.springer.com/openurl?genre=book&isbn=978-981-19-6952-2">https://link.springer.com/openurl?genre=book&isbn=978-981-19-6952-2</a>
Public note https://doi.org/10.1007/978-981-19-6952-2
Holdings
Withdrawn status Lost status Damaged status Not for loan Collection code Permanent Location Current Location Date acquired Date last seen Price effective from Koha item type
          IMU-MPC Library IMU-MPC Library 2025-01-03 2025-01-03 2025-01-03 E-Book
Copyright © 2021 Indian Maritime University, Mumbai Port Campus. All Rights Reserved. Managed & Maintained by Central Library, IMU-Mumbai

webs counters

Powered by Koha